000 00745nam a2200205 a 4500
001 000027306
005 20240305073654.0
008 110331s1954 dr 001 0 spa d
040 _aDO-SdBNP
_bspa
_cBNPHU
082 _a923.57293
_bG633r
100 1 _aRodríguez Demorizi, Emilio,
_d1908-1986
_91039
245 1 0 _aPapeles dominicanos de Máximo Gómez /
_cEmilio Rodríguez Demorizi.
260 _aCiudad Trujillo, República Dominicana :
_bMontalvo,
_c1954.
300 _a444 p. ;
_c23 cm.
500 _aIncluye índice de personas y lugares
504 _aIncluye referencias bibliográficas y notas al pie de las páginas
600 1 0 _aGómez, Máximo,
_d1836-1905
_912249
910 _aValidado. Control de calidad BNPHU.
049 _aBNPD
999 _c26798
_d26798